000 00428cam a2200181ua 4500
020 _c2.00
041 _ahin
_h
082 _a891.43
_bBAL/EK
100 _aBalvant, Singh .
245 _aEk mamuli ladki /
_cBalvant singh.
_hTextual Documents
250 _a1 /
_b.
260 _a :
_bHind Pocket Books Pvt Ltd ,
_c1960.
300 _a116 ; .
365 _a2.00
504 _a
942 _cBK
999 _c12721
_d12721